header

The great age of the English essay (Record no. 11074)

MARC details
000 -LEADER
fixed length control field 01680nam a2200397Ia 4500
082 04 - DEWEY DECIMAL CLASSIFICATION NUMBER
Classification number 824
245 04 - TITLE STATEMENT
Title The great age of the English essay
260 ## - PUBLICATION, DISTRIBUTION, ETC. (IMPRINT)
Place of publication New Haven [Conn.] :
Name of publisher Yale University Press,
Year of publication c2008.
300 ## - PHYSICAL DESCRIPTION
Number of Pages xxxiii, 427 p. :
Other physical details map.
490 1# - SERIES STATEMENT
Series statement Lewis Walpole series in eighteenth-century culture and history
500 ## - GENERAL NOTE
General note "Published with assistance from the Annie Burr Lewis Fund."--T.p. verso.
General note Series title present only on P. 4 of pbk. cover.
650 #0 - SUBJECT ADDED ENTRY--TOPICAL TERM
Topical Term English essays.
Topical Term English language
700 1# - ADDED ENTRY--PERSONAL NAME
Personal name Gigante, Denise,
856 40 - ELECTRONIC LOCATION AND ACCESS
Uniform Resource Identifier http://site.ebrary.com/lib/rucke/Doc?id=10690326

No items available.

© 2026 Rongo University
Contact us: librarian | system librarian | Rongo university